Hóa học và ứng dụng

Spremljeno u:
Bibliografski detalji
Format: Knjiga
Jezik:Undetermined
Izdano: Hà Nội Hội Hóa học Việt Nam 2020
Teme:
Oznake: Dodaj oznaku
Bez oznaka, Budi prvi tko označuje ovaj zapis!
Thư viện lưu trữ: Trung tâm Học liệu Trường Đại học Cần Thơ
LEADER 00502nam a2200181Ia 4500
001 CTU_238824
008 210402s9999 xx 000 0 und d
020 |c 0 
082 |a 540 
082 |b H401 
245 0 |a Hóa học và ứng dụng 
245 0 |c Hội Hóa học Việt Nam 
260 |a Hà Nội 
260 |b Hội Hóa học Việt Nam 
260 |c 2020 
650 |a Hóa học,Chemistry 
904 |i T.Trang 
980 |a Trung tâm Học liệu Trường Đại học Cần Thơ